[Event "AUTO-OPEN-1207"]
[Site "http://www.queenalice.com/game.php?id=438642"]
[Date "2008.7.25"]
[Round "1"]
[White "Nica_Pinica"]
[Black "BocaDeLata"]
[Result "0-1"]
[WhiteElo "932"]
[BlackElo "1089"]

1. b4 e5 2. b5 a6 3. bxa6 Nxa6 4. Bb2 Bd6 5. Ba3 Qe7 6. Nf3 Bxa3 7. Nxa3 Qxa3 8.
Nxe5 Nf6 9. Nc4 Qe7 10. h4 O-O 11. g3 Nc5 12. Rb1 Rxa2 13. Bg2 b6 14. e3 Nfe4
15. f3 Nxg3 16. Rh3 d5 17. Nb2 Bxh3 18. Bxh3 Qxh4 19. d3 Qxh3 20. Qd2 Qf1# 0-1

[Event "AUTO-OPEN-1207"]
[Site "http://www.queenalice.com/game.php?id=438643"]
[Date "2008.7.25"]
[Round "1"]
[White "BocaDeLata"]
[Black "Nica_Pinica"]
[Result "1-0"]
[WhiteElo "1099"]
[BlackElo "922"]

1. d4 d5 2. Nc3 Nd7 3. Bg5 f6 4. Bh4 g5 5. Bg3 h5 6. Nxd5 c6 7. Bc7 cxd5 8. Bxd8
Kxd8 9. e3 f5 10. Bd3 e6 11. Qd2 a5 12. a3 Bd6 13. f4 g4 14. h3 g3 15. h4 Nh6
16. O-O-O Nf6 17. Re1 Nhg4 18. Nh3 Bd7 19. Ng5 Bc7 20. Nf7+ Ke7 21. Nxh8 a4 22.
Ng6+ Kd6 23. Qb4+ Kc6 24. Ne7# 1-0

[Event "AUTO-OPEN-1207"]
[Site "http://www.queenalice.com/game.php?id=438658"]
[Date "2008.7.25"]
[Round "1"]
[White "Denny"]
[Black "BocaDeLata"]
[Result "0-1"]
[WhiteElo "1358"]
[BlackElo "1124"]

1. e4 d5 2. Bb5+ c6 3. Ba4 b5 4. Bb3 d4 5. Qh5 e6 6. d3 Be7 7. Nf3 Nf6 8. Qh4
Nd5 9. Qg3 Nb4 10. Kd1 g6 11. a3 N4a6 12. Nxd4 Qxd4 13. Re1 Bd6 14. Qf3 Be5 15.
Ke2 Nc5 16. c3 Qd7 17. Qe3 Nxb3 18. Ra2 Nxc1+ 19. Rxc1 Qd6 20. f4 Bxf4 21. Qg1
Bxc1 22. Qxc1 Qxh2 23. Kf2 Nd7 24. Qg1 Qf4+ 25. Ke1 Nc5 26. Kd1 Nxd3 27. b4 Qc1+
28. Ke2 Qxg1 29. Kxd3 Qxb1+ 30. Rc2 a5 31. Kd2 Qg1 32. Rc1 Qxg2+ 33. Kd1 axb4
34. cxb4 Rxa3 35. Rc2 Qf1+ 36. Kd2 O-O 37. Rxc6 Rd8+ 38. Kc2 Qf2+ 39. Kc1 Ra1#
0-1

[Event "AUTO-OPEN-1207"]
[Site "http://www.queenalice.com/game.php?id=438659"]
[Date "2008.7.25"]
[Round "1"]
[White "BocaDeLata"]
[Black "Denny"]
[Result "1-0"]
[WhiteElo "1106"]
[BlackElo "1211"]

1. d4 d5 2. Nc3 e6 3. Bd2 Bb4 4. Na4 b5 5. Nc5 e5 6. Bxb4 Qf6 7. dxe5 Qxe5 8. c3
Nd7 9. Nf3 Qf6 10. Qxd5 Qd6 11. Qxa8 Nxc5 12. Qxc8+ Ke7 13. Bxc5 Qxc5 14. O-O-O
Qc4 15. Qd7+ Kf8 16. Qd8# 1-0

[Event "QA-ANNIV-04"]
[Site "http://www.queenalice.com/game.php?id=445769"]
[Date "2008.8.8"]
[Round "2"]
[White "MirceaH"]
[Black "BocaDeLata"]
[Result "1-0"]
[WhiteElo "2220"]
[BlackElo "1126"]

1. e4 e5 2. Nf3 d6 3. d4 exd4 4. Qxd4 a6 5. Bf4 Nc6 6. Qd2 h6 7. Nc3 Be6 8. Be2
Be7 9. O-O Qd7 10. Rfd1 g5 11. Be3 f6 12. Nd5 b5 13. a4 b4 14. Nd4 Nxd4 15. Qxd4
c5 16. Qd2 1-0

[Event "Challenge"]
[Site "http://www.queenalice.com/game.php?id=538053"]
[Date "2009.2.10"]
[Round "-"]
[White "BocaDeLata"]
[Black "alfonso"]
[Result "1-0"]
[WhiteElo "1237"]
[BlackElo "1350"]

1. e4 e5 2. Nf3 Nf6 3. Bd3 Bc5 4. h3 c6 5. Nxe5 d6 6. Ng4 h5 7. Nxf6+ Qxf6 8.
O-O Qg5 9. Qf3 Rh6 10. Qg3 Qf6 11. Nc3 h4 12. Qf3 Qe5 13. Be2 Rf6 14. Qd3 Rg6
15. Kh1 Qg5 16. Bf3 Be6 17. Qe2 b5 18. d4 Bxd4 19. Bxg5 Rxg5 20. Qd2 f6 21. Qxd4
Ke7 22. e5 fxe5 23. Qxh4 Kf6 24. Ne4+ Ke7 25. Qxg5+ Kf8 26. Qd8+ Kf7 27. Nxd6+
Kg6 28. Be4+ Kh6 29. Qh4# 1-0

[Event "Arujá x Jr"]
[Site "http://www.queenalice.com/game.php?id=552765"]
[Date "2009.3.8"]
[Round "-"]
[White "Saru"]
[Black "BocaDeLata"]
[Result "0-1"]
[WhiteElo "1414"]
[BlackElo "1303"]

1. e4 e5 2. Bc4 Bc5 3. Qg4 Nf6 4. Qxg7 Rf8 5. Ne2 d6 6. d3 d5 7. exd5 Bd6 8. Bg5
Be7 9. Nbc3 Rg8 10. Qh6 Rg6 11. Qh4 Nbd7 12. Ne4 Nxe4 13. dxe4 Rxg5 14. Qxh7 Bd6
15. O-O-O Nf8 16. Qh8 Be7 17. h4 Bf6 18. g3 Bxh8 19. Nc3 Rg8 20. Bb5+ Bd7 21.
Rhf1 a6 22. Ba4 Qe7 23. Bb3 O-O-O 24. h5 Qg5+ 25. f4 exf4 26. gxf4 Qxh5 27. Rh1
Qg6 28. f5 Qf6 29. Na4 Bg7 30. Rde1 Bxa4 31. Bxa4 Qxb2+ 32. Kd2 Bc3+ 33. Ke2
Bxe1 34. Rxe1 Qd4 35. c3 Rg2+ 36. Kf3 Qf2# 0-1

[Event "Challenge"]
[Site "http://www.queenalice.com/game.php?id=562415"]
[Date "2009.3.27"]
[Round "-"]
[White "alfonso"]
[Black "BocaDeLata"]
[Result "0-1"]
[WhiteElo "1379"]
[BlackElo "1258"]

1. e4 e5 2. Nf3 d6 3. Bb5+ Bd7 4. Bc4 b5 5. Bb3 c5 6. Bd5 Bc6 7. Ng5 Qxg5 8. O-O
Bxd5 9. exd5 Qd8 10. Nc3 a6 11. d3 Be7 12. Ne4 h6 13. Qg4 g6 14. c3 Nf6 15. Qg3
Nxd5 16. Bd2 Nf6 17. Rae1 Nc6 18. Re3 Kd7 19. Qh3+ Kc7 20. f3 Nh5 21. g3 f5 22.
Nf2 Bg5 23. Re2 f4 24. g4 Nf6 25. Qg2 h5 26. Nh3 Bh6 27. g5 Bg7 28. Bc1 Nd7 29.
Rd1 Bf8 30. c4 Nd4 31. Ree1 b4 32. b3 Be7 33. Qe2 Nxe2+ 34. Rxe2 Bxg5 35. a4 Bh4
36. Rg2 g5 37. a5 g4 38. Nxf4 gxf3 39. Ne6+ Kc8 40. Nxd8 fxg2 41. Nf7 Rg8 42.
Rd2 Rg7 43. Nxd6+ Kc7 44. Nf5 Rg4 45. h3 Bg5 46. Rd1 Bxc1 47. Rxc1 Rf4 48. Ng3
h4 49. Nh5 Rf3 50. Kxg2 Rxd3 51. Rb1 Rg8+ 52. Kh1 Rxh3# 0-1

[Event "Let's Play Chess!"]
[Site "http://www.queenalice.com/game.php?id=573470"]
[Date "2009.4.17"]
[Round "-"]
[White "BocaDeLata"]
[Black "erikmartinelli"]
[Result "1-0"]
[WhiteElo "1323"]
[BlackElo "1448"]

1. b3 e5 2. Bb2 d6 3. d4 e4 4. e3 d5 5. a3 Nf6 6. h3 Nc6 7. Be2 g6 8. b4 Bh6 9.
Nc3 b6 10. Bg4 Bxg4 11. hxg4 Qd7 12. Rxh6 Nxg4 13. Rh4 h5 14. Qe2 Nf6 15. O-O-O
g5 16. Rh1 g4 17. f4 g3 18. Rh3 h4 19. Qf1 Ng4 20. Rd2 Nxe3 21. Qe2 Nc4 22. Qe1
Nxd2 23. Qxd2 O-O-O 24. Nb5 Rde8 25. Qe3 Nxb4 26. Nxa7+ Kd8 27. axb4 f5 28. b5
Ke7 29. Nc6+ Kf8 30. Ba3+ Kg8 31. Ne2 Ra8 32. Ne7+ Kg7 33. Nc6 Ra4 34. Nxg3 Rha8
35. Nh5+ Kh8 36. Rxh4 Qh7 37. Bb2 Qg8 38. Nf6+ Kg7 39. Nxg8 Kxg8 40. Qg3+ Kf8
41. Rh8+ 1-0

[Event "Let's Play Chess!"]
[Site "http://www.queenalice.com/game.php?id=573471"]
[Date "2009.4.17"]
[Round "-"]
[White "BocaDeLata"]
[Black "erikmartinelli"]
[Result "1-0"]
[WhiteElo "1279"]
[BlackElo "1491"]

1. b3 e5 2. e4 Nf6 3. Bd3 Bc5 4. a3 d6 5. b4 Bd4 6. c3 Bxf2+ 7. Kxf2 Ng4+ 8. Kf1
Qf6+ 9. Qf3 Nc6 10. Be2 Qxf3+ 11. Bxf3 Nf6 12. d3 b6 13. Be2 Ba6 14. Nf3 Ne7 15.
Bg5 Ng4 16. h3 h6 17. hxg4 hxg5 18. Rxh8+ Kd7 19. Rxa8 g6 20. Rxa7 Bb5 21. c4
Bc6 22. b5 d5 23. Nxe5+ Kc8 24. bxc6 f5 25. Ra8# 1-0

[Event "QA-ANNIV-05"]
[Site "http://www.queenalice.com/game.php?id=604266"]
[Date "2009.6.15"]
[Round "1"]
[White "BocaDeLata"]
[Black "Danton"]
[Result "0-1"]
[WhiteElo "1344"]
[BlackElo "2355"]

1. d4 Nf6 2. g3 d5 3. Bg2 Nc6 4. a3 e5 5. Be3 exd4 6. Bxd4 Nxd4 7. Qxd4 c5 8.
Qa4+ Bd7 9. Qb3 Bd6 10. Bxd5 Nxd5 11. e4 Nf6 12. Nd2 Qc7 13. f4 Bc6 14. O-O-O
O-O 15. Ne2 Nxe4 16. Nxe4 Bxe4 17. Rhe1 Qc6 18. Nc3 Bf3 19. Rd2 Rfe8 20. Ne2
Bxe2 21. Rdxe2 Rxe2 22. Rxe2 Qh1+ 23. Kd2 Rd8 24. Kc3 Bc7 25. Qxb7 Qxb7 0-1

[Event "Let's Play Chess!"]
[Site "http://www.queenalice.com/game.php?id=605252"]
[Date "2009.6.17"]
[Round "-"]
[White "BocaDeLata"]
[Black "erikmartinelli"]
[Result "1-0"]
[WhiteElo "1342"]
[BlackElo "1394"]

1. b3 e5 2. Bb2 Nc6 3. a3 Qf6 4. e4 Bc5 5. Nf3 Nd4 6. Nxd4 exd4 7. d3 Ne7 8. Nd2
g6 9. Be2 d5 10. O-O dxe4 11. Nxe4 Qf5 12. g4 Qe5 13. f4 Qd5 14. Nf6+ Kf8 15.
Nxd5 Nxd5 16. Rf3 Bxg4 17. Rg3 Bxe2 18. Qxe2 Nxf4 19. Qe4 Bd6 20. Bxd4 Ne2+ 21.
Qxe2 Bxg3 22. Bxh8 Bd6 23. Bc3 Re8 24. Qf3 b5 25. Rf1 Kg8 26. Qxf7# 1-0

[Event "Let's Play Chess!"]
[Site "http://www.queenalice.com/game.php?id=605254"]
[Date "2009.6.17"]
[Round "-"]
[White "BocaDeLata"]
[Black "erikmartinelli"]
[Result "1-0"]
[WhiteElo "1360"]
[BlackElo "1376"]

1. b3 e5 2. Bb2 Bb4 3. a3 Bc5 4. Bxe5 f6 5. Bb2 Ne7 6. d4 Bd6 7. e4 Nbc6 8. Bc4
Ng6 9. Nf3 Nf4 10. O-O b6 11. Bc1 Nxg2 12. Kxg2 Bb7 13. d5 Ne5 14. Nxe5 Bxe5 15.
c3 d6 16. f4 Bxf4 17. Bxf4 g5 18. Bg3 Qd7 19. Rxf6 O-O-O 20. Be2 Kb8 21. Re6 h5
22. Bxh5 g4 23. Bxg4 Qg7 24. h3 Rde8 25. Rxe8+ Rxe8 26. Qd3 Bc8 27. Bxc8 Kxc8
28. Nd2 Rf8 29. Rf1 Rh8 30. Qa6+ Kd8 31. Qxa7 Qh6 32. Qa8+ Kd7 33. Rf7# 1-0

[Event "AUTO-OPEN-1207"]
[Site "http://www.queenalice.com/game.php?id=638480"]
[Date "2009.8.18"]
[Round "2"]
[White "BocaDeLata"]
[Black "kulalking"]
[Result "0-1"]
[WhiteElo "1391"]
[BlackElo "2232"]

1. e4 e5 2. d4 exd4 3. Qxd4 Nc6 4. Qe3 Be7 5. Bd3 Nf6 6. Bd2 d5 7. e5 d4 8. Qg3
Nh5 9. Qf3 g6 10. a3 Nxe5 11. Qe2 Nxd3+ 12. Qxd3 Bf5 13. Qb5+ Qd7 14. Qxd7+ Kxd7
15. c3 Rhe8 16. cxd4 Bxa3+ 17. Kd1 Bxb2 18. Bc3 Bxa1 19. Bxa1 Bxb1 20. Nf3 Rad8
21. Ne5+ Rxe5 22. dxe5 Ke6+ 0-1

[Event "AUTO-OPEN-1207"]
[Site "http://www.queenalice.com/game.php?id=638481"]
[Date "2009.8.18"]
[Round "2"]
[White "kulalking"]
[Black "BocaDeLata"]
[Result "1-0"]
[WhiteElo "2231"]
[BlackElo "1393"]

1. e4 d5 2. exd5 Qxd5 3. Nc3 Qd8 4. Nf3 Nf6 5. Bc4 Be6 6. Bxe6 fxe6 7. Ng5 Qd7
8. Qe2 Nc6 9. Nxe6 Nd4 10. Nxd4 Qxd4 11. Qb5+ c6 12. Qxb7 Rd8 13. Qxc6+ Nd7 14.
O-O Qb6 15. Qe4 Nf6 16. Qe2 a6 17. Re1 Qd6 18. d3 h6 19. Qf3 g6 20. Bf4 Qc5 21.
Be5 Kf7 22. Bxf6 exf6 23. Ne4 1-0

[Event "QA-ANNIV-05"]
[Site "http://www.queenalice.com/game.php?id=654289"]
[Date "2009.9.18"]
[Round "2"]
[White "Ozimarjr"]
[Black "BocaDeLata"]
[Result "0-1"]
[WhiteElo "1372"]
[BlackElo "1377"]

1. e4 a6 2. d4 d5 3. exd5 Qxd5 4. c3 b5 5. Bf4 Qe4+ 6. Be3 Bb7 7. Qe2 e6 8. Nd2
Qg6 9. O-O-O Bd5 10. Ngf3 Bxa2 11. b3 Ba3# 0-1

[Event "QA-ANNIV-05"]
[Site "http://www.queenalice.com/game.php?id=723730"]
[Date "2010.2.1"]
[Round "3"]
[White "robinud"]
[Black "BocaDeLata"]
[Result "0-1"]
[WhiteElo "1795"]
[BlackElo "1389"]

1. e4 e5 2. Nf3 Qf6 3. Bc4 Bc5 4. c3 a6 5. a3 d6 6. b4 Ba7 7. d4 h6 8. dxe5 dxe5
9. Ba2 g5 10. g3 Bg4 11. Nbd2 Nc6 12. Bd5 Nd8 13. O-O c6 14. Ba2 Ne7 15. Kg2 b5
16. Re1 O-O 17. c4 Ne6 18. Bb2 Rad8 19. Qb3 Bxf3+ 20. Nxf3 Nd4 21. Bxd4 Bxd4 22.
Rad1 Bb6 23. cxb5 g4 24. Rd3 gxf3+ 25. Rxf3 Qd6 26. Rxf7 Kh8 27. bxa6 Qd2 28.
Rxf8+ Rxf8 29. Rf1 Rxf2+ 30. Rxf2 Qxf2+ 31. Kh3 Qf1+ 32. Kg4 Qe2+ 33. Kh3 Qxe4
34. Qf7 Qf5+ 35. Qxf5 Nxf5 36. a4 Nd6 37. Kg4 e4 38. Kf4 e3 39. Ke5 e2 40. Kxd6
e1=Q 41. Kxc6 Qxb4 0-1

[Event "QA-ANNIV-05"]
[Site "http://www.queenalice.com/game.php?id=793739"]
[Date "2010.6.23"]
[Round "5"]
[White "CCapivara"]
[Black "BocaDeLata"]
[Result "1-0"]
[WhiteElo "2060"]
[BlackElo "1449"]

1. e4 e5 2. f4 exf4 3. Nf3 d6 4. Bc4 Bg4 5. O-O Bxf3 6. Qxf3 Be7 7. Qxf4 Nf6 8.
d4 O-O 9. Nc3 a6 10. Be3 b5 11. Bd3 c6 12. Rad1 Qc7 13. e5 dxe5 14. dxe5 Nd5 15.
Nxd5 cxd5 16. Bd4 Bc5 17. c3 Bxd4+ 18. Qxd4 Qd8 19. Bc2 Nc6 20. Qf4 Qe7 21. Rxd5
Rad8 22. Rfd1 Rxd5 23. Rxd5 Rd8 24. Rxd8+ Nxd8 25. h3 g6 26. Kf2 Ne6 27. Qe3 Kg7
28. Bb3 Qh4+ 29. Kg1 Qe7 30. Bxe6 Qxe6 31. b3 h5 32. Qd4 Kh7 33. c4 bxc4 34.
bxc4 a5 35. Qd5 Kg7 36. Qxe6 fxe6 37. Kf2 Kf7 38. g4 hxg4 39. hxg4 Ke7 40. Ke3
g5 41. Kd4 Kd7 42. Kc5 a4 43. Kb6 Kc8 44. c5 a3 45. Kc6 Kd8 46. Kb7 1-0

[Event "QA-ANNIV-05"]
[Site "http://www.queenalice.com/game.php?id=841302"]
[Date "2010.10.3"]
[Round "6"]
[White "Constante"]
[Black "BocaDeLata"]
[Result "1-0"]
[WhiteElo "1917"]
[BlackElo "1447"]

1. e4 e5 2. Nf3 Qf6 3. Nc3 c6 4. d4 d6 5. Bg5 Qe6 6. d5 Qd7 7. Bc4 h6 8. Bh4 Be7
9. O-O a6 10. dxc6 bxc6 11. Qd3 Bxh4 12. Nxh4 Ne7 13. Qg3 O-O 14. Kh1 Qg4 15.
Be2 Qxg3 16. fxg3 Be6 17. Rf2 f5 18. Raf1 g6 19. exf5 gxf5 20. Bg4 Nd7 21. Bxf5
Bxf5 22. Nxf5 Nxf5 23. Rxf5 Rab8 24. b3 Rxf5 25. Rxf5 Kg7 26. Ne4 Kg6 27. Nxd6
1-0

[Event "QA-ANNIV-05"]
[Site "http://www.queenalice.com/game.php?id=885875"]
[Date "2011.1.13"]
[Round "7"]
[White "BocaDeLata"]
[Black "Aguinaldo"]
[Result "1-0"]
[WhiteElo "1445"]
[BlackElo "1789"]

1. d4 e6 2. e4 Nf6 3. e5 Nd5 4. a3 d6 5. Qh5 g6 6. Qf3 dxe5 7. Ne2 exd4 8. Nxd4
Bg7 9. Ne2 Nc6 10. c3 Ne5 11. Qe4 f5 12. Qa4+ Qd7 13. Qc2 Qd6 14. Nf4 Nxf4 15.
Bxf4 Qc5 16. Bxe5 Qxe5+ 17. Be2 Bd7 18. O-O O-O-O 19. Bf3 g5 20. Qb3 c6 21. Nd2
Qf4 22. Rad1 g4 23. g3 Qg5 24. Bg2 Kc7 25. Nc4 Bc8 26. h4 gxh3 27. Bxh3 1-0

[Event "QA-ANNIV-05"]
[Site "http://www.queenalice.com/game.php?id=921164"]
[Date "2011.4.3"]
[Round "8"]
[White "BocaDeLata"]
[Black "Martin_Stahl"]
[Result "0-1"]
[WhiteElo "1475"]
[BlackElo "1888"]

1. b3 d5 2. Bb2 Nf6 3. d4 Bf5 4. Nd2 e6 5. a3 Bd6 6. e3 O-O 7. Ngf3 Nbd7 8. Be2
c5 9. c3 Rc8 10. O-O cxd4 11. Nxd4 Bg6 12. f4 a6 13. h3 h6 14. N2f3 Ne4 15. Kh2
e5 16. fxe5 Nxe5 17. Rc1 Nxf3+ 18. Kh1 Ng3# 0-1

[Event "QA-ANNIV-05"]
[Site "http://www.queenalice.com/game.php?id=953504"]
[Date "2011.6.24"]
[Round "9"]
[White "andre2006"]
[Black "BocaDeLata"]
[Result "1-0"]
[WhiteElo "1837"]
[BlackElo "1473"]

1. d4 d5 2. e3 Nf6 3. c4 e6 4. Nc3 c6 5. Nf3 Bb4 6. Bd2 Bxc3 7. Bxc3 O-O 8. cxd5
exd5 9. Be2 Ne4 10. O-O Nxc3 11. bxc3 b5 12. Qc2 g6 13. Ne5 Bf5 14. Bd3 Bxd3 15.
Qxd3 f5 16. f3 a6 17. e4 f4 18. exd5 cxd5 19. Rae1 Rf5 20. g4 fxg3 21. hxg3 Nd7
22. Nc6 Qc7 23. Ne7+ Kh8 24. Nxf5 gxf5 25. f4 Rf8 26. Re7 Rg8 27. Kg2 Qd6 28.
Rfe1 Nf8 29. Qxf5 Qg6 30. Qe5+ Rg7 31. Rxg7 Qxg7 32. Qxg7+ Kxg7 33. Re7+ Kf6 34.
Ra7 h5 35. Rxa6+ Ne6 36. Kf3 Kf5 37. a4 bxa4 38. Rxa4 Nc7 39. c4 dxc4 40. Rxc4
Nd5 41. Rc8 Kg6 42. Ke4 Nf6+ 43. Ke5 Nd7+ 44. Kd6 Nf6 45. Rc6 Kf5 46. d5 Ne4+
47. Ke7 Nxg3 48. d6 Kxf4 49. d7 Nf5+ 50. Kf6 1-0

[Event "QA-ANNIV-05"]
[Site "http://www.queenalice.com/game.php?id=983039"]
[Date "2011.9.9"]
[Round "10"]
[White "BocaDeLata"]
[Black "pomar"]
[Result "0-1"]
[WhiteElo "1471"]
[BlackElo "2025"]

1. d4 e6 2. e4 d5 3. e5 c5 4. Bb5+ Nc6 5. Bxc6+ bxc6 6. Nf3 Ba6 7. c3 Qb6 8. Be3
Qxb2 9. Nbd2 Qxc3 10. Rc1 Qa5 11. Qc2 Qb5 12. Ng1 c4 13. a4 Qa5 14. Ne2 Bb4 15.
O-O Ne7 16. Rfd1 Nf5 17. h3 c5 18. g4 cxd4 19. gxf5 dxe3 20. fxe3 O-O 21. f6
gxf6 22. exf6 Kh8 23. Kf2 Rg8 24. Nf4 Rg5 25. Nf3 Rf5 26. h4 Rxf6 27. Ng5 Rf5
28. Qb2+ c3 29. Qa1 h6 30. Nf3 Rg8 31. Nd4 Rf6 32. Nc6 Qc5 33. Nxb4 Rxf4+ 34.
Ke1 Qxe3# 0-1